Từ điển từ vay mượn trong tiếng Việt hiện đại
Sách giải mã những từ ngữ tiếng việt đang được vay mượn từ tiếng nước ngoài (tiếng Anh, Pháp, ...) đang được lưu hành rộng rãi trong cuộc sống xã hội Việt Nam hiện đại. Giúp chúng ta có thể hiểu rõ những tích cực và tiêu cực trong v...
שמור ב:
| מחבר ראשי: | |
|---|---|
| פורמט: | ספר |
| שפה: | Undetermined |
| יצא לאור: |
Thành phố Hồ Chí Minh
Nxb. Đại học Quốc gia Thành phố Hồ Chí Minh
2009
|
| נושאים: | |
| תגים: |
הוספת תג
אין תגיות, היה/י הראשונ/ה לתייג את הרשומה!
|
| Thư viện lưu trữ: | Trung tâm Học liệu Trường Đại học Cần Thơ |
|---|
| LEADER | 01150nam a2200205Ia 4500 | ||
|---|---|---|---|
| 001 | CTU_159144 | ||
| 008 | 210402s9999 xx 000 0 und d | ||
| 020 | |c 30000 | ||
| 082 | |a 495.9223 | ||
| 082 | |b A103 | ||
| 100 | |a Trần, Thanh Ái | ||
| 245 | 0 | |a Từ điển từ vay mượn trong tiếng Việt hiện đại | |
| 245 | 0 | |c Trần Thanh Ái | |
| 260 | |a Thành phố Hồ Chí Minh | ||
| 260 | |b Nxb. Đại học Quốc gia Thành phố Hồ Chí Minh | ||
| 260 | |c 2009 | ||
| 520 | |a Sách giải mã những từ ngữ tiếng việt đang được vay mượn từ tiếng nước ngoài (tiếng Anh, Pháp, ...) đang được lưu hành rộng rãi trong cuộc sống xã hội Việt Nam hiện đại. Giúp chúng ta có thể hiểu rõ những tích cực và tiêu cực trong việc vay mượn từ và có biện pháp khắc phục hiệu quả hơn. | ||
| 650 | |a Vietnamese language,Tiếng Việt | ||
| 904 | |i Bé Ba, bạch Trúc | ||
| 980 | |a Trung tâm Học liệu Trường Đại học Cần Thơ | ||